000 00487nam a22001697a 4500
005 20231123143642.0
008 231123b |||||||| |||| 00| 0 eng d
020 _a0862102103
041 _aEnglish
082 _a341.48 AMN
100 _lEnglish
245 _aAmnesty International Report 1992
260 _aLondon :
_bAmnesty International Publications,
_c1993
300 _b311 pages ;
_c24 cm.
650 _aLegal practice
_bLaw
942 _cBK
_6ALISON_BN_VRIES
999 _c909
_d909